Score 0/15 Timer 05:00
0 Plays Today
% Correct
Nikita Mears
94.6%
Alexandra Udinov
92.5%
Michael
91.3%
Amanda Collins
89.2%
Ryan Fletcher
73.4%
Seymour Birkhoff
71%
Sean Pierce
70.5%
Owen Elliot
66.8%
% Correct
Percy Rose
66%
Sonya
63.5%
Jaden
61.4%
Kathleen Spencer
58.5%
Ari Tasarov
55.2%
Roan
51.9%
Thom
51%
Remove Ads.
Support Sporcle.
Get the best of Sporcle when you Go Orange. This ad-free experience offers more features, more stats, and more fun while also helping to support Sporcle. Thank you for becoming a member.

You're not logged in!

Compare scores with friends on all Sporcle quizzes.
OR
Log In

Show Comments

Extras

Created Oct 9, 2013ReportNominate
Tags:TV Show Quiz

Top Quizzes Today


Score Distribution

Your Account Isn't Verified!

In order to create a playlist on Sporcle, you need to verify the email address you used during registration. Go to your Sporcle Settings to finish the process.

Report this User

Report this user for behavior that violates our Community Guidelines.

Details: